PinkPantheress - to hell with it - Statistics

General Stats
  • This quiz has been taken 13 times
  • The average score is 8 of 10
Answer Stats
2021 to hell with it % Correct
10 Break It Off
100%
1 Pain
100%
4 Passion
100%
5 Just for Me
82%
9 Nineteen
82%
8 All My Friends Know
73%
2 I Must Apologise
73%
3 Last Valentines
55%
7 Reason
55%
6 Noticed I Cried
45%
No matching quizzes found
Score Distribution
Percent of People with Each Score
Percentile by Number Answered
Your Score History
You have not taken this quiz